01967 2200721 4500001002100000005001500021035002000036008003900056245004700095100002700142250000600169260004500175300001200220020001700232084001400249082000800263650001000271520043600281990001200717990001200729990001200741990001200753990001200765990001200777990001200789990001200801990001200813990001200825990001200837990001200849990001200861990001200873990001200885990001200897990001200909990001200921990001200933990001200945990001200957990001200969990001200981990001200993990001201005990001201017990001201029990001201041990001201053990001201065990001201077990001201089990001201101990001201113990001201125990001201137990001201149990001201161990001201173990001201185990001201197990001201209990001201221990001201233INLIS00000000000114920240523105626 a0010-0524000384240523 | | | 1 aAnak Semua Bangsa /cPramoedya Ananta Toer aAnanta Toer, Pramoedya a1 aJakarta :bLentera Dipantara,cFeb. 2020 a546 hlm a979-97312-40 a813 PRA a a813 4aFiksi aKehadiran roman sejarah ini, bukan saja dimaksudkan untuk mengisi sebuah episode berbangsa yang berada di titik persalinan yang pelik dan menentukan, namun juga mengisi isu kesusastraan yang sangat minim menggarap periode pelik ini. Karena itu hadirnya roman ini memberi bacaan alternatif kepada kita untuk melihat jalan dan gelombang sejarah secara lain dan dari sisinya yang berbeda. Tetralogi ini dibagi dalam format empat buku. a0744621 a0744622 a0744623 a0744624 a0744625 a0744626 a0744627 a0744628 a0744629 a0744630 a0744631 a0744632 a0744633 a0744634 a0744635 a0744636 a0744637 a0744638 a0744639 a0744640 a0744641 a0744642 a0744643 a0744644 a0744645 a0744646 a0744647 a0744648 a0744649 a0744650 a0744651 a0744652 a0744653 a0744654 a0744655 a0744656 a0744194 a0744195 a0744196 a0744197 a0744198 a0744200 a0744199 a0744201